| 000 | 01225cam a2200325 a 4500 | ||
|---|---|---|---|
| 999 |
_c23931 _d23931 |
||
| 001 | nkc20081745544 | ||
| 005 | 20250926100544.0 | ||
| 007 | ta | ||
| 008 | 080318s2008 xr a e f 000 0 cze | ||
| 020 |
_a9788086936079 _q(váz.) |
||
| 035 | _a(OCoLC)432991169 | ||
| 040 |
_aKLG001 _bcze _dBOA001 _dABA001 _csk |
||
| 072 | 7 |
_a615.8 _xFyzioterapie. Psychoterapie. Alternativní lékařství _2Konspekt |
|
| 080 |
_a615.362.015.32 _2MRF |
||
| 080 |
_a615.8-022.214 _2MRF |
||
| 080 |
_a(035) _2MRF |
||
| 100 | 1 |
_aČehovský, Jiří, _d1947- _4aut _94837 |
|
| 245 | 1 | 0 |
_aAutopatie : _bcesta k tělesné a duševní harmonii / _cJiří Čehovský |
| 246 | 1 |
_iNázev na rubu tit. s.: _aAutopatie, cesta k tělesné a duševní harmonii |
|
| 250 | _a2., dopl. vyd. | ||
| 260 |
_aPraha : _bAlternativa, _c2008 |
||
| 300 |
_a159 s. : _bil. ; _c21 cm |
||
| 650 | 0 | 7 |
_aautopatie _2czenas _94838 |
| 650 | 0 | 7 |
_aautoterapie _2czenas _94839 |
| 650 | 0 | 9 |
_aautopathy _2eczenas _94840 |
| 650 | 0 | 9 |
_aautotherapy _2eczenas _94841 |
| 655 | 7 |
_apříručky _2czenas _91541 |
|
| 655 | 9 |
_ahandbooks and manuals _2eczenas _94354 |
|
| 856 | 4 | 1 |
_uhttp://www.digitalniknihovna.cz/mzk/uuid/uuid:4ba4a640-dc21-11e3-b110-005056827e51 _yDigitalizovaný dokument |